Sports Quiz

Random Sports or Football Quiz

Superbowl interceptions Quiz Stats

 Plays Quiz not verified by Sporcle

Challenge
Share
Tweet
Embed
Score 0/96 Timer 20:00
0 Plays Today
team(s)/position/superbowl(s) played in player % Correct
Dallas CB (XXVII, XXVIII, XXX)Larry Brown
75%
Oakland CB (II & XI)Willie Brown
75%
LA Rams S (XIV)Eddie Brown
75%
San Diego/New England S (XXIX, XXXVIII, XXXIX, XLII)Rodney Harrison
73.5%
Pittsburgh LB (XL & XLIII)James Harrison
73.5%
Green Bay S (I & II)Willie Wood
72.1%
San Francisco/Dallas CB (XXIX, XXX)Deion Sanders
70.6%
Indianapolis S (XLI)Bob Sanders
70.6%
Tampa Bay S (XXXVII)Dexter Jackson
67.6%
Oakland CB (XXXVII)Charles Woodson
67.6%
Tampa Bay CB (XXXVII)Dwight Smith
63.2%
New England CB (XXXI, XXXVI)Otis Smith
63.2%
New Orleans CB (XLIV)Tracy Porter
63.2%
Dallas LB (V, VI, X, XII, XIII)D.D. Lewis
60.3%
San Francisco S (XXIV)Chet Brooks
54.4%
Washington CB (XVIII, XXII, XXVI)Darrell Green
54.4%
Tampa Bay LB (XXXVII)Derrick Brooks
54.4%
Green Bay LB (XXXI & XXXII)Brian Williams
51.5%
Baltimore LB (XXXV)Jamie Sharper
51.5%
New England CB (XXXI, XXXVI, XXXVIII)Ty Law
50%
Pittsburgh CB (IX, X, XIII, XIV)Mel Blount
47.1%
Miami S (VI, VII, VIII)Jake Scott
44.1%
Kansas City CB (I & IV)Emmitt Thomas
41.2%
Pittsburgh CB (IX, X, XIV)J.T. Thomas
41.2%
Dallas LB (V & VI)Chuck Howley
39.7%
Pittsburgh CB (XL & XLIII)Ike Taylor
39.7%
Kansas City S (I & IV)Johnny Robinson
38.2%
Miami CB (VI, VII, VIII)Curtis Johnson
38.2%
Green Bay/Atlanta S (XXXI, XXXII, XXXIII)Eugene Robinson
38.2%
Denver CB (XXXII & XXXIII)Darrius Johnson
38.2%
Oakland-LA Raiders LB (XV & XVIII)Rod Martin
35.3%
Pittsburgh DT (IX, X, XIII, XIV)Joe Greene
35.3%
team(s)/position/superbowl(s) played in player % Correct
Pittsburgh LB (IX, X, XIII, XIV)Jack Lambert
33.8%
New England LB (XXXI, XXXVI, XXXVIII, XXXIX, XLII)Tedy Bruschi
33.8%
LA Raiders CB (XVIII)Mike Haynes
29.4%
Washington CB (XXII)Brian Davis
27.9%
San Francisco CB (XXIX)Eric Davis
27.9%
Indianapolis CB (XLI & XLIV)Kelvin Hayden
27.9%
Dallas S (XXVII & XXVIII)James Washington
25%
Minnesota S (IV, VIII, IX, XI)Paul Krause
25%
Dallas CB (V, X, XII)Mark Washington
25%
Baltimore CB (XXXV)Duane Starks
25%
San Francisco CB (XVI, XIX, XXIII, XIV)Eric Wright
23.5%
Washington S (XXVI)Brad Edwards
23.5%
Green Bay/Dallas CB (l, II, V, VI)Herb Adderley
23.5%
Pittsburgh S (IX & X)Glen Edwards
23.5%
Carolina CB (XXXVIII)Reggie Howard
23.5%
Pittsburgh S (IX, X, XIII)Mike Wagner
22.1%
LA Raiders LB (XVIII)Jack Squirek
22.1%
San Francisco/Denver/Oakland LB (XXIII, XXIV, XXXII, XXXIII, XXXVII)Bill Romanowski
22.1%
Arizona LB (XLIII)Karlos Dansby
22.1%
Dallas CB (V, VI, X, XII)Mel Renfro
19.1%
Miami LB (VI, VII, VIII)Nick Buoniconti
19.1%
Baltimore LB (III & V)Mike Curtis
17.6%
Buffalo CB (XXV, XXVI, XXVII, XXVIII)Nate Odomes
17.6%
Baltimore CB (XXXV)Chris McAlister
17.6%
New England CB (XLII)Ellis Hobbs
16.2%
Kansas City LB (IV)Willie Lanier
13.2%
Chicago CB (XX)Reggie Phillips
13.2%
Green Bay CB (XXXI & XXXII)Doug Evans
13.2%
Seattle S (XL)Michael Boulware
13.2%
NY Jets S (III)Randy Beverly
11.8%
San Diego/Denver/Oakland CB (XXIX, XXXII, XXXIII, XXXVII)Darrien Gordon
11.8%
Oakland LB (XI)Willie Hall
11.8%
team(s)/position/superbowl(s) played in player % Correct
Miami LB (XVII & XIX)A.J. Duhe
11.8%
San Francisco S (XVI & XIX)Carlton Williamson
11.8%
Chicago CB (XLI)Charles Tillman
11.8%
Washington S (XXII)Barry Wilburn
10.3%
NY Jets CB (III)Johnny Sample
10.3%
Miami S (XVII & XIX)Lyle Blackwood
10.3%
Washington LB (XXII & XXVI)Kurt Gouveia
10.3%
Green Bay CB (XXXI)Craig Newsome
10.3%
Dallas S (XXVII & XXVIII)Thomas Everett
8.8%
Kansas City CB (I & IV)Willie Mitchell
8.8%
LA Rams CB (XIV)Rod Perry
8.8%
San Francisco S (XVI & XIX)Dwight Hicks
8.8%
Dallas S (XXX)Brock Marion
8.8%
Baltimore/St. Louis S (XXXV & XXXVI)Kim Herring
8.8%
NY Jets S (III)Jim Hudson
7.4%
Washington S (XVII & XVIII)Mark H. Murphy
7.4%
San Francisco LB (XIX, XXIII, XXIV)Michael Walter
7.4%
Denver S (XXII, XXIV, XXXII, XXXIII)Tyrone Braxton
7.4%
Baltimore S (III & V)Rick Volk
5.9%
Seattle CB (XL)Kelly Herndon
5.9%
Dallas CB (X, XII, XIII)Benny Barnes
4.4%
Dallas S (X, XII, XIII)Randy Hughes
4.4%
Chicago LB (XX)Jim Morrissey
4.4%
Denver CB (XXII)Jeremiah Castille
4.4%
Green Bay S (XXXI & XXXII)Mike Prior
4.4%
Atlanta CB (XXXIII)Ronnie Bradford
4.4%
Baltimore S (III & V)Jerry Logan
2.9%
Washington S (VII)Brig Owens
2.9%
LA Rams S (XIV)Dave Elmendorf
2.9%
NY Giants/Dallas CB (XXI & XXVIII)Elvis Patterson
2.9%
Dallas CB (XII & XIII)Aaron Kyle
1.5%
San Francisco CB (XXIX)Toi Cook
1.5%

You're not logged in!

Compare scores with friends on all Sporcle quizzes.
Join for Free
OR
Log In

You Might Also Like...

Show Comments

Extras

Top Quizzes Today


Score Distribution

Your Account Isn't Verified!

In order to create a playlist on Sporcle, you need to verify the email address you used during registration. Go to your Sporcle Settings to finish the process.

Report this User

Report this user for behavior that violates our Community Guidelines.

Details: